Cell and Molecular Biology/ (Record no. 748637)

MARC details
000 -LEADER
fixed length control field 00356nam a2200133 4500
020 ## - INTERNATIONAL STANDARD BOOK NUMBER
ISBN 9789395161862
082 ## - DEWEY DECIMAL CLASSIFICATION NUMBER
Classification number 571.6 RAS
084 ## - OTHER CLASSIFICATION NUMBER
Source of Number Colon Classification
100 ## - MAIN ENTRY--AUTHOR NAME
Personal name Rastogi SC
245 ## - TITLE STATEMENT
Title Cell and Molecular Biology/
Statement of responsibility, etc SC Rastogi
250 ## - EDITION STATEMENT
Edition statement Fifth Edition
260 ## - PUBLICATION, DISTRIBUTION, ETC. (IMPRINT)
Place of publication New Delhi:
Name of publisher New Age International Publishers;
Year of publication 2024.
942 ## - ADDED ENTRY ELEMENTS (KOHA)
Source of classification or shelving scheme Dewey Decimal Classification
Koha item type Book
Holdings
Withdrawn status Lost status Source of classification or shelving scheme Damaged status Not for loan Home Library Current Location Date acquired Full call number Accession Number Price effective from Koha item type
    Dewey Decimal Classification     Dept. of Bio-Technology Dept. of Bio-Technology 07/05/2025 571.6 RAS BTY3570 07/05/2025 Book